000 00780nam a22002177a 4500
003 UA-OsUOA
001 102556
007 ta
008 20130923b un ||||| |||| 00| 0 ukr d
100 _aМазуренко І.
090 _a82
_bМ13
942 _cSA
040 _aUA-OsUOA
_bukr
_cUA-OsUOA
_dUA-OsUOA
245 _aГригорій Сковорода - видатний український пистменнтк і філософ. Біблійна основа творчості та його вчення. 9-й клас
300 _aС.18-21
955 _a0
041 _aukr
080 _a82
773 0 _w102555
_tУкраїнська мова та література
_dК.
_d2013
_g18
650 7 _a82 Література. Літературознавство
_2UDC
999 _c388754
_d388754